Essentials of microbiology : (Record no. 12052)

MARC details
000 -LEADER
fixed length control field 00822nam a22002417a 4500
003 - CONTROL NUMBER IDENTIFIER
control field OSt
005 - DATE AND TIME OF LATEST TRANSACTION
control field 20250701022455.0
008 - FIXED-LENGTH DATA ELEMENTS--GENERAL INFORMATION
fixed length control field 250505t2018 |||o|||| | || 00| ||e|g dd d
020 ## - INTERNATIONAL STANDARD BOOK NUMBER
International Standard Book Number 978-81-93404-63-8
040 ## - CATALOGING SOURCE
Transcribing agency JMCFI - Learning Resource Center
082 ## - DEWEY DECIMAL CLASSIFICATION NUMBER
Classification number eBook 579 Es78 2018
100 ## - MAIN ENTRY--PERSONAL NAME
Personal name Rathoure, Ashok K
9 (RLIN) 37137
245 ## - TITLE STATEMENT
Title Essentials of microbiology :
Medium [electronic resource] /
Statement of responsibility, etc. Ashok K. Rathoure (and three others).
260 ## - PUBLICATION, DISTRIBUTION, ETC.
Place of publication, distribution, etc. New Delhi :
Name of publisher, distributor, etc. Brillon Publishing,
Date of publication, distribution, etc. 2018.
300 ## - PHYSICAL DESCRIPTION
Extent 1 online resource (1003 pages).
650 ## - SUBJECT ADDED ENTRY--TOPICAL TERM
Topical term or geographic name entry element Microbiology.
9 (RLIN) 6794
650 ## - SUBJECT ADDED ENTRY--TOPICAL TERM
Topical term or geographic name entry element iG Publishing.
9 (RLIN) 33537
700 ## - ADDED ENTRY--PERSONAL NAME
Personal name Bhatt, Arun
9 (RLIN) 37451
700 ## - ADDED ENTRY--PERSONAL NAME
Personal name Srivastava, Ashish
9 (RLIN) 38433
700 ## - ADDED ENTRY--PERSONAL NAME
Personal name Katiyar, Kalpana
9 (RLIN) 37140
856 ## - ELECTRONIC LOCATION AND ACCESS
Uniform Resource Identifier <a href="https://portal.igpublish.com/iglibrary/reader/NBNB0006020/1">https://portal.igpublish.com/iglibrary/reader/NBNB0006020/1</a>
942 ## - ADDED ENTRY ELEMENTS (KOHA)
Source of classification or shelving scheme Dewey Decimal Classification
Koha item type Subscribed eBooks
Suppress in OPAC No
Holdings
Withdrawn status Lost status Source of classification or shelving scheme Damaged status Not for loan Home library Current library Date acquired Total Checkouts Call number Date last seen Uniform Resource Identifier Price effective from Koha item type
    Dewey Decimal Classification     LRC - Digital Library LRC - Digital Library 07/01/2025   eBook 579 Es78 2018 07/01/2025 https://portal.igpublish.com/iglibrary/reader/NBNB0006020/1 07/01/2025 Subscribed eBooks